Statistics for Countries That Dont Use Any Letters On Bottom Row Of Qwerty Keyboard

Click here to take the quiz!

General Stats

  • This quiz has been taken 57 times
  • The average score is 17 of 26

Answer Stats

Answer% Correct
Russia
81%
Laos
78%
Turkey
75%
Australia
75%
Qatar
75%
Uruguay
75%
Peru
75%
Portugal
72%
Israel
72%
Italy
72%
Paraguay
69%
Austria
69%
Iraq
69%
Fiji
66%
South Korea
66%
Kuwait
66%
Palau
63%
Haiti
63%
Egypt
63%
Togo
59%
Eritrea
59%
Lesotho
56%
Algeria
53%
Georgia
53%
Syria
53%
Ethiopia
50%

Score Distribution

Percentile by Number Answered

Percent of People with Each Score

Your Score History

You have not taken this quiz